LEADER 00905nas a2200217 i 4500 001 000000021879 003 CaOOAMICUS 005 20090803000000.0 008 090803s1969 fr u0 und u 022 $a1958-9107 040 $aSeMil$bita 245 10$aLangage de la foi /$ccollection de l'Istitut supérieur de pastorale catéchétique ; dirigée par Gérard Defois. 260 $aTours :$bMame,$c1969. 260 $aParis :$bFayard,$c1969. 300 $av. ;$c22 cm. 700 1 $aDefois, Gérard <1931->.$0(OLS)http://semarc/name/9784 710 2 $aInstitut supérieur de pastorale catéchétique .$0(OLS)http://semarc/name/331 996 $6022$a1958-9107$9(OLS)http://semarc/number/1195 996 $6245$aLangage de la foi$9(OLS)http://semarc/title/29049 996 $6260$aParis :$bFayard$9(OLS)http://semarc/publisher/29821 996 $6260$aTours :$bMame$9(OLS)http://semarc/publisher/33774 LEADER 01171nam a2200229 i 4500 001 000000178956 003 CaOOAMICUS 005 20241216120524.0 008 090421s1976 it u000 u mul u 040 $aSeMil$bita 245 00$aBernardino predicatore nella società del suo tempo :$b9-12 ottobre 1975. 264 1$aTodi :$bPresso l'Accademia Tudertina,$c1976. 300 $a373 p., [8] carte di tav. ;$c22 cm. 490 1 $aConvegni del Centro di studi sulla spiritualità medievale ;$v16. 600 04$aBernardino : da Siena .$0(OLS)http://semarc/subject/481 710 2 $aUniversità degli Studi : Centro di studi sulla spiritualità medievale.$0(OLS)http://semarc/name/9445 830 0$aConvegni del Centro di studi sulla spiritualità medievale ;$v16.$0(OLS)http://semarc/title/27936 850 $aSeMil 852 $aSeMil$W1$xVenegono$y1$m3TA D 16$j253458$B129722$CSeMilBibl$Z2$F141254 $81 996 $6245$aBernardino predicatore nella società del suo tempo :$b9-12 ottobre 1975$9(OLS)http://semarc/title/257021 996 $6264$aTodi :$bPresso l'Accademia Tudertina$9(OLS)http://semarc/publisher/57340